000 01335nam a22002657a 4500
999 _c64074
_d64074
005 20240530110713.0
008 180213s2016 ua ab f b 000 0 ara d
017 _a2015/22721
_bمصر. دار الكتب
020 _a9789773223700
040 _aEG-CaGPL
_cEG-CaGPL
082 0 4 _221
_a953.0962 /
_bق / إ ف
100 0 _aابراهيم بن ابى بكر الصالحى العوفى
245 1 0 _aفى تاريخ مصر العثمانية :
_bتراجم الصواعق فى واقعة الصناجق : ( 1069 - 1071 م / 1659 - 1660 م ) /
_cابراهيم بن ابى بكر الصالحى العوفى ؛ تحقيق ودراسة عصمت محمد حسن
250 _aط. 1
260 _aالقاهرة :
_bعين للدراسات و البحوث الانسانية و الاجتماعية،
_c2016.
300 _a329 ص. :
_bايض ؛
_c24 سم.
504 _aيشتمل على ارجاعات ببليوجرافية
650 0 7 _2qrmak
_aالامبراطورية العثمانية
650 0 7 _2qrmak
_aالعثمانيون
651 0 7 _2qrmak
_aمصر
_xتاريخ
_yعصر المماليك ( 1250 - 1517 م )
651 0 7 _2qrmak
_aمصر
_xتاريخ
_yالعصر العثمانى ( 1517 - 1914 م )
700 0 _aعصمت محمد حسن
_eمحقق
942 _2ddc
_cBK